[Event "GER-ch54 V03 email"]
[Site "GER email"]
[Date "2022.05.01"]
[Round "?"]
[White "Poess, Frank"]
[Black "Semmelroth, Heinz Dieter"]
[Result "1/2-1/2"]
[WhiteElo "2175"]
[BlackElo "2112"]
[PlyCount "43"]
[EventDate "2022.05.01"]
[EventType "tourn (corr)"]
[EventRounds "10"]
[EventCountry "GER"]
[SourceTitle "Corr 2024"]
[Source "ChessBase"]
[SourceDate "2023.10.19"]
[SourceVersion "1"]
[SourceVersionDate "2023.10.19"]
[SourceQuality "1"]

1. e4 c5 2. Nf3 d6 3. Bb5+ Bd7 4. Bxd7+ Nxd7 5. 0-0 Ngf6 6. Qe2 e6 7. d4 cxd4 8. Nxd4 Qa5 9. c4 Rc8 10. Rd1 a6 11. b3 Be7 12. Bb2 Qh5 13. f3 0-0 14. Nc3 Rfe8 15. Rac1 Bf8 16. Kh1 g6 17. g4 Qc5 18. Qd2 h6 19. h3 Qc7 20. Rg1 b6 21. Rg2 Bg7 22. Rd1 1/2-1/2

[Event "GER-ch54 V03 email"]
[Site "GER email"]
[Date "2022.05.01"]
[Round "?"]
[White "Semmelroth, Heinz Dieter"]
[Black "Seelig, Juergen"]
[Result "1/2-1/2"]
[WhiteElo "2112"]
[BlackElo "2108"]
[PlyCount "70"]
[EventDate "2022.05.01"]
[EventType "tourn (corr)"]
[EventRounds "10"]
[EventCountry "GER"]
[SourceTitle "Corr 2024"]
[Source "ChessBase"]
[SourceDate "2023.10.19"]
[SourceVersion "1"]
[SourceVersionDate "2023.10.19"]
[SourceQuality "1"]

1. c4 Nf6 2. Nc3 e5 3. Nf3 Nc6 4. g3 d5 5. cxd5 Nxd5 6. Bg2 Nb6 7. 0-0 Be7 8. d3 0-0 9. Be3 Be6 10. Rc1 f5 11. a3 Nd5 12. Nxd5 Bxd5 13. Bc5 Bd6 14. b4 a6 15. Qc2 Kh8 16. e4 fxe4 17. dxe4 Be6 18. Be3 Qd7 19. Rfe1 Bg4 20. Nd2 Rf6 21. Nc4 Raf8 22. Nxd6 Rxd6 23. f4 exf4 24. gxf4 Re8 25. f5 Rd3 26. Qc5 h6 27. h3 Bh5 28. Rc3 Ne5 29. Qxc7 Rxc3 30. Qxc3 Nf3+ 31. Bxf3 Bxf3 32. Bxh6 Rxe4 33. Rxe4 Bxe4 34. f6 gxf6 35. Qxf6+ Kg8 1/2-1/2

[Event "GER-ch53 V04 email"]
[Site "GER email"]
[Date "2021.04.21"]
[Round "?"]
[White "Semmelroth, Heinz Dieter"]
[Black "Kuna, Heiko"]
[Result "1/2-1/2"]
[WhiteElo "2107"]
[BlackElo "2040"]
[PlyCount "76"]
[EventDate "2021.04.21"]
[EventType "tourn (corr)"]
[EventRounds "10"]
[EventCountry "GER"]
[SourceTitle "Corr 2024"]
[Source "ChessBase"]
[SourceDate "2023.10.19"]
[SourceVersion "1"]
[SourceVersionDate "2023.10.19"]
[SourceQuality "1"]

1. d4 Nf6 2. c4 e6 3. Nf3 d5 4. Nc3 c6 5. e3 Nbd7 6. Qc2 Bd6 7. Bd3 0-0 8. 0-0 dxc4 9. Bxc4 b5 10. Be2 Bb7 11. Rd1 Qc7 12. e4 e5 13. Bg5 exd4 14. Rxd4 Ne5 15. Bxf6 gxf6 16. g3 Bc5 17. Rd2 Qb6 18. Rf1 Rad8 19. Kg2 Bc8 20. Nh4 Rxd2 21. Qxd2 Rd8 22. Qc2 Kg7 23. Rd1 a6 24. h3 Rxd1 25. Nxd1 Be6 26. f4 Ng6 27. Nf3 Ne7 28. f5 Bc8 29. g4 h6 30. h4 Ng8 31. a4 Bd6 32. axb5 axb5 33. Qd2 Qc7 34. Nf2 Qe7 35. b3 Bb7 36. Bd3 Kf8 37. Qa5 Bb8 38. Qb6 Bd6 1/2-1/2

[Event "GER-ch53 V04 email"]
[Site "GER email"]
[Date "2021.04.21"]
[Round "?"]
[White "Semmelroth, Heinz Dieter"]
[Black "Mehlhorn, Uwe"]
[Result "1/2-1/2"]
[WhiteElo "2107"]
[BlackElo "2137"]
[PlyCount "75"]
[EventDate "2021.04.21"]
[EventType "tourn (corr)"]
[EventRounds "10"]
[EventCountry "GER"]
[SourceTitle "Corr 2024"]
[Source "ChessBase"]
[SourceDate "2023.10.19"]
[SourceVersion "1"]
[SourceVersionDate "2023.10.19"]
[SourceQuality "1"]

1. c4 e5 2. Nc3 Nf6 3. Nf3 Nc6 4. g3 d5 5. cxd5 Nxd5 6. Bg2 Nb6 7. 0-0 Be7 8. d3 0-0 9. Be3 Be6 10. Rc1 Re8 11. Ne4 a5 12. a3 a4 13. Bc5 Bb3 14. Bxe7 Qxe7 15. Qe1 Nd7 16. Qc3 Bd5 17. Rfe1 Bxe4 18. dxe4 Ra5 19. Red1 Nc5 20. e3 Nb3 21. Rb1 Rc5 22. Qe1 Nca5 23. Bh3 Ra8 24. Bf1 h6 25. Rd3 Qe6 26. Kg2 Nc4 27. Qb4 b6 28. Rd5 Nd6 29. Rbd1 f6 30. Be2 Rxd5 31. exd5 Qf5 32. Qc3 Nc5 33. Nh4 Qe4+ 34. Bf3 Qh7 35. Bh5 Qe4+ 36. Bf3 Qh7 37. Bh5 Qe4+ 38. Bf3 1/2-1/2